La casa de Pero-Hernandez (Record no. 162589)

MARC details
000 -LEADER
campo de control de longitud fija 00673nam a22001815i 4500
001 - NÚMERO DE CONTROL
campo de control 162589
003 - IDENTIFICADOR DE NÚMERO DE CONTROL
campo de control ES-MaACL
005 - FECHA Y HORA DE LA ÚLTIMA TRANSACCIÓN
campo de control 20250729063236.0
008 - DATOS DE LONGITUD FIJA--INFORMACIÓN GENERAL
campo de control de longitud fija 000103s1848 sp a |||| | spa d
040 ## - FUENTE DE CATALOGACIÓN
Centro catalogador/agencia de origen CCPB | B
Lengua de catalogación spa
Centro/agencia transcriptor CCPB | B
080 ## - NÚMERO DE LA CLASIFICACIÓN DECIMAL UNIVERSAL
Número de la Clasificación Decimal Universal 821.134.2-31"18"
100 1# - ENTRADA PRINCIPAL--NOMBRE DE PERSONA
Nombre de persona Príncipe, Miguel Agustín,
Fechas asociadas al nombre 1811-1863
9 (RLIN) 131397
245 13 - MENCIÓN DEL TÍTULO
Título La casa de Pero-Hernandez
Resto del título : leyenda española adornada con grabados /
Mención de responsabilidad, etc. por Miguel Agustin Príncipe.
260 ## - PUBLICACIÓN, DISTRIBUCIÓN, ETC.
Lugar de publicación, distribución, etc. Madrid :
Nombre del editor, distribuidor, etc. [s.n.],
Fecha de publicación, distribución, etc. 1848 (
Fabricante Imprenta de Baltasar Gonzalez)
300 ## - DESCRIPCIÓN FÍSICA
Extensión XVI, 440 p. :
Otras características físicas il. ;
Dimensiones 16 cm.
852 ## - LOCALIZACIÓN
Ubicación ES-MaACL
Número de control de estantería D-1631
Nota libre -- Rust.
-- .- Legado M. de la Fuente
Holdings
Estatus retirado Estado de pérdida Estado de daño No para préstamo Colección Biblioteca de origen Biblioteca actual Ubicación en estantería Fecha de adquisición Fuente de adquisición Total de préstamos Signatura topográfica completa Código de barras Visto por última vez Precio de reemplazo Tipo de ítem Koha
        Libros del s. XIX Biblioteca del Ateneo de Madrid Biblioteca del Ateneo de Madrid Sala Valle Inclán 17/01/2008     D-1631 901170333 23/02/2023 23/02/2023 Libro impreso antiguo